Julia Kristeva and literary theory (Record no. 224573)

MARC details
000 -LEADER
fixed length control field 00755nam a2200217Ia 4500
008 - FIXED-LENGTH DATA ELEMENTS--GENERAL INFORMATION
fixed length control field 191130s2005##################000#0#eng##
020 ## - INTERNATIONAL STANDARD BOOK NUMBER
ISBN 9780333781937
082 ## - DEWEY DECIMAL CLASSIFICATION NUMBER
Classification number 801.95 LEC
100 ## - MAIN ENTRY--AUTHOR NAME
Personal name Becker-Leckrone, Megan
245 ## - TITLE STATEMENT
Title Julia Kristeva and literary theory
Statement of responsibility, etc Megan Becker-Leckrone
260 ## - PUBLICATION, DISTRIBUTION, ETC. (IMPRINT)
Place of publication Houndmills, Basingstoke, Hampshire ; New York
Name of publisher Palgrave Macmillan
Year of publication 2005
300 ## - PHYSICAL DESCRIPTION
Number of Pages xiv, 215 p. ; 23 cm
500 ## - GENERAL NOTE
General note Includes bibliographical references (p. 202-209) and index
650 ## - SUBJECT ADDED ENTRY--TOPICAL TERM
Topical Term Kristeva, Julia, 1941- - Criticism and interpretation
Topical Term Literature, Modern - History and criticism
991 ## -
-- 255257
Holdings
Withdrawn status Lost status Damaged status Not for loan Home library Current library Date acquired Full call number Accession Number Price effective from Koha item type
        Anna Centenary Library Anna Centenary Library 13.10.2020 801.95 LEC 308834 13.10.2020 English Books

Find us on the map